Word Ladder: Mid-Atlantic Gas Station Quiz Stats

Quiz Updated Jan 15, 2016

Challenge
Share
Tweet
Embed
Score 0/19 Timer 03:00
0 Plays Today
Hint 5-Letter Word % Correct
Felines have nineLIVES
97.9%
Olympian's prizeMEDAL
97%
Deeply cares forLOVES
96.2%
From around here LOCAL
95.4%
Most important spot in a photo: _____ pointFOCAL
94.5%
Gives someone the bootFIRES
94.3%
According to Shakespeare, Windsor had some merry onesWIVES
94.2%
Strands in a circuitWIRES
93.1%
Judas Priest's genreMETAL
92.3%
Law companiesFIRMS
92.2%
Hint 5-Letter Word % Correct
Bob Seger did some at nightMOVES
86.6%
• Agricultural sites; with first rung, popular Mid-Atlantic convenience store/gas station •• FARMS •
85.9%
Methods, as in transportationMODES
84.1%
Runway workerMODEL
83.6%
Jazz without chord progressionMODAL
81.9%
Everyone's first positionFETAL
81.9%
Relating to number 2 (not rung 2...)FECAL
79.7%
Like die-hard fans or Boy ScoutsLOYAL
79.5%
• Kansas City ballplayer; with last rung, popular Mid-Atlantic convenience store/gas station •• ROYAL •
78.3%

Today's Daily Dose

Missing Word
For Dummies Books

Word Ladder
Ariana Grande

Quick Pick
1970s Authors

On This Day
June 21st II

You're not logged in!

Compare scores with friends on all Sporcle quizzes.
Join for Free
OR
Log In

You Might Also Like...

Show Comments

Extras

Top Quizzes Today


Score Distribution

Your Account Isn't Verified!

In order to create a playlist on Sporcle, you need to verify the email address you used during registration. Go to your Sporcle Settings to finish the process.

Report this User

Report this user for behavior that violates our Community Guidelines.

Details: